000 00624nam a2200217Ia 4500
003 LK-CoDNM
005 20241128123535.0
008 010623t1966 xxu||||| |||| 00| 1 sin d
040 _aLK-CoDNM
_dLK-CoDNM
_eLK-CoDNM
041 _asin
080 _a294.32
_b SIR
100 _aGnanawasa Thero,Bopitiye.
245 _aසුත්‍ර ධර්ම හා ශාසන ඉතීහාසය
246 _aSutra Dharma Ha Shasana Itihasaya
260 _bGunasena
_aColombo
_c1966
300 _b399p. : 18 cm
650 _aHistory
650 _aBUddhism
700 _aSiri Somissara Thero,Mapalagama.
942 _cBK
999 _c107240
_d107240